| 000 | 00789nam a2200253 i 4500 | ||
|---|---|---|---|
| 001 | 14114 | ||
| 003 | ES-MaACL | ||
| 005 | 20250618124648.0 | ||
| 007 | t| | ||
| 008 | 981001s1998 sp ||||1| spa d | ||
| 020 | _a8486351960 | ||
| 080 | _a821.134.2-14"19" | ||
| 100 | 1 |
_aVila del Castillo, José. _9114720 |
|
| 245 | 1 | 4 |
_aLas horas transitadas / _cJosé Vila del Castillo ; prólogo de Luis Alberto de Cuenca. |
| 250 | _a1ª ed. | ||
| 260 |
_aHumanes, Madrid : _bJuan Pastor, _c1998. |
||
| 300 |
_a75 p. ; _c20 cm. |
||
| 490 | 1 |
_aDevenir. Serie Poesía ; _v114 |
|
| 700 | 1 |
_aCuenca, Luis Alberto de, _d1950- _9240908 |
|
| 830 | 0 | 0 |
_aDevenir. _pSerie Poesía ; _v114 _9236243 |
| 852 |
_aES-MaACL _jP-1931 N 114 _bR.126626 |
||
| 942 | _2udc | ||
| 999 |
_c14114 _d14114 |
||